أساسيات علم المعلومات / (رقم التسجيلة. 78381)
[ عرض عادي ]
| 000 -الفاتح | |
|---|---|
| حقل البيانات ثابتة الطول | 00815cam a22002171i 4500 |
| 001 - رقم الضبط | |
| رقم الضبط | AUC_OC_124029727 |
| 003 - محدد رقم الضبط | |
| رقم الضبط | SA-RiAUC |
| 005 - وقت وتاريخ اخر تعامل مع التسجيلة | |
| رقم الضبط | 20200121163216.0 |
| 008 - عناصر البيانات ثابتة الطول - معلومات عامة | |
| حقل البيانات ثابتة الطول | 200108s2019 su g 000 0 ara c |
| 040 ## - مصدر الفهرسة | |
| وكالة الفهرسة الأصلية | SA-RiKSU |
| لغة الفهرسة | ara |
| وكالة النسخ | SA-RiAUC |
| قواعد الوصف | rda |
| 082 04 - رقم تصنيف ديوى العشرى | |
| رقم التصنيف | 020 |
| رقم الطبعة | 21 |
| رقم المادة | ع م أ |
| 100 1# - المدخل الرئيسى - إسم شخصى | |
| الإسم الشخصى | عبد الهادي، محمد فتحي، |
| التواريخ المصاحبة للاسم | 1943- |
| الدور | مؤلف. |
| 245 10 - بيان العنوان | |
| العنوان | أساسيات علم المعلومات / |
| بيان المسئوليه,etc | تأليف د. محمد فتحي عبد الهادي. |
| 250 ## - بيان الطبعة | |
| بيان الطبعة | الطبعة الأولى. |
| 264 #1 - النشر, التوزيع, ETC. (IMPRINT) | |
| مكان الناشر او الموزع RDA | السعودية : |
| اسم الناشر او الموزع RDA | مكتبة المتنبي، |
| تاريخ النشر أو التوزيع | 2019 |
| تاريخ النشر هجري | [1440] |
| 300 ## - الوصف المادى | |
| التعداد | 257 صفحة |
| أبعاد الوعاء | 24 سم. |
| 504 ## - تبصرة ببليوجرافية | |
| تبصرة ببليوجرافية,الخ | يشتمل على قائمة ببليوجرافية. |
| 650 #7 - المدخل الاضافى بالموضوع-مصطلح موضوعى | |
| مصطلح موضوعي أو اسم جغرافي كعنصر مدخل | علم المعلومات |
| 952 ## - LOCATION AND ITEM INFORMATION (KOHA) | |
| نوع المادة فى نظام كوها | كتاب |
| 952 ## - LOCATION AND ITEM INFORMATION (KOHA) | |
| نوع المادة فى نظام كوها | كتاب |
| 952 ## - LOCATION AND ITEM INFORMATION (KOHA) | |
| نوع المادة فى نظام كوها | كتاب |
| 952 ## - LOCATION AND ITEM INFORMATION (KOHA) | |
| نوع المادة فى نظام كوها | كتاب |
| 952 ## - LOCATION AND ITEM INFORMATION (KOHA) | |
| نوع المادة فى نظام كوها | كتاب |
| 952 ## - LOCATION AND ITEM INFORMATION (KOHA) | |
| نوع المادة فى نظام كوها | كتاب |
| 952 ## - LOCATION AND ITEM INFORMATION (KOHA) | |
| نوع المادة فى نظام كوها | كتاب |
| 942 ## - | |
| -- | ddc |
| -- | BOOK |
| 949 ## - معلومات معالجة محلية(OCLC) | |
| a | SA-RiPNU |
| n | 1 |
| d | 2020/1/21 |
| u | pnusvn |
| حالة الفقد | نموذج السعر الفعال | حالة تلف | ليس للاعارة | تاريخ الاكتساب | رقم الطلب | تاريخ الاكتساب | الموقع الحالي | الباركود | الفرع الرئيسي | Date last seen | مصدر التصنيف او خطة الترفيف | Total Checkouts |
|---|---|---|---|---|---|---|---|---|---|---|---|---|
| 2020-01-21 | 2020-01-21 | 020 ع م أ | 2020-01-21 | CL | 00809407 | المكتبة المركزية بالمجمعة (CL) | 2020-01-21 | Dewey Decimal Classification | ||||
| 2020-01-21 | 2020-01-21 | 020 ع م أ | 2020-01-21 | CL | 00809706 | المكتبة المركزية بالمجمعة (CL) | 2020-01-21 | Dewey Decimal Classification | ||||
| 2020-01-21 | 2020-01-21 | 020 ع م أ | 2020-01-21 | CL | 00809707 | المكتبة المركزية بالمجمعة (CL) | 2020-01-21 | Dewey Decimal Classification | ||||
| 2020-01-21 | 2020-01-21 | 020 ع م أ | 2020-01-21 | SRF | 00809734 | مكتبة كلية العلوم و الدراسات الإنسانية برماح - طالبات (SRF) | 2020-01-21 | Dewey Decimal Classification | ||||
| 2020-01-21 | 2020-01-21 | 020 ع م أ | 2020-01-21 | SRF | 00809735 | مكتبة كلية العلوم و الدراسات الإنسانية برماح - طالبات (SRF) | 2020-01-21 | Dewey Decimal Classification | ||||
| 2020-01-21 | 2020-01-21 | 020 ع م أ | 2020-01-21 | SRM | 00809732 | مكتبة كلية العلوم و الدراسات الإنسانية برماح - طلاب (SRM) | 2020-01-21 | Dewey Decimal Classification | ||||
| 2020-01-21 | 2020-01-21 | 020 ع م أ | 2020-01-21 | SRM | 00809733 | مكتبة كلية العلوم و الدراسات الإنسانية برماح - طلاب (SRM) | 2020-01-21 | Dewey Decimal Classification |
